书目信息 |
| 题名: |
认识欧元
|
|
| 作者: | 王明权 主编 | |
| 分册: | ||
| 出版信息: | 上海 复旦大学出版社 1998 |
|
| 页数: | 251页 | |
| 开本: | 21cm | |
| 丛书名: | ||
| 单 册: | ||
| 中图分类: | F821.6 | |
| 科图分类: | ||
| 主题词: | 欧元 | |
| 电子资源: | ||
| ISBN: | 7-309-02128-2 | |
| 000 | 00644nam0 2200229 45 | |
| 001 | 075000000476 | |
| 005 | 1920000316094757 | |
| 010 | @a7-309-02128-2@b精装@dCNY22.00 | |
| 100 | @a20040217d ekmy0chiy0120 ea | |
| 101 | 0 | @achi |
| 102 | @aCN@b310000 | |
| 105 | @afk z 000yy | |
| 200 | 1 | @a认识欧元@Aren shi ou yuan@f王明权主编@Fwang ming quan zhu bian |
| 210 | @a上海@c复旦大学出版社@d1998 | |
| 215 | @a251页@c图@d21cm | |
| 606 | @a欧元 | |
| 690 | @aF821.6@v4 | |
| 701 | 0 | @a王明权@Awang ming quan@4主编 |
| 801 | 0 | @aCN@bCL@c20020205 |
| 905 | @aBZT@dF821.6@e1 | |
| 906 | @dCNY22.00@n0@r1 | |
| 999 | @tC@Asongqian@a20040217 17:00:42 | |
| 认识欧元/王明权主编.-上海:复旦大学出版社,1998 |
| 251页:图;21cm |
| ISBN 7-309-02128-2(精装):CNY22.00 |
| ● |
| 相关链接 |
|
|
|
正题名:认识欧元
索取号:F821.6/1
 
预约/预借
| 序号 | 登录号 | 条形码 | 馆藏地/架位号 | 状态 | 备注 |
| 1 | 433401 | 210053537 | 中心书库北库/ 北库036架A面1列4层34/ [索取号:F821.6/1] | 在馆 | |
| 2 | 433402 | 210627053 | 中心书库北库/ 北库036架A面1列4层35/ [索取号:F821.6/1] | 在馆 | |
| 3 | 433403 | 210627035 | 中心书库北库/ 北库036架A面1列4层40/ [索取号:F821.6/1] | 在馆 | |
| 4 | 433404 | 210627017 | 中心书库北库/ 北库036架A面1列4层36/ [索取号:F821.6/1] | 在馆 | |
| 5 | 433405 | 210053190 | 中心书库北库/ 北库036架A面1列4层41/ [索取号:F821.6/1] | 在馆 | |
| 6 | 433406 | 210053555 | 中心书库北库/ 北库036架A面1列4层38/ [索取号:F821.6/1] | 在馆 | |
| 7 | 433407 | 210626991 | 中心书库北库/ 北库036架A面1列4层33/ [索取号:F821.6/1] | 在馆 | |
| 8 | 433408 | 210626973 | 中心书库北库/ 北库036架A面1列4层39/ [索取号:F821.6/1] | 在馆 | |
| 9 | 433410 | 210626955 | 中心书库北库/ 北库036架A面1列4层37/ [索取号:F821.6/1] | 在馆 |